| 000 | 00692nam a2200205 a 4500 | ||
|---|---|---|---|
| 001 | BRCA_2761 | ||
| 005 | 20190320203946.0 | ||
| 008 | 051208s1958-----cna---###---#000-0#eng-u | ||
| 050 | 4 |
_aNK7143 _b.E54 1958 |
|
| 245 | 1 | 0 |
_aEnglish silver _ba catalogue to an exhibition of seven centuries of English domestic silver, January 14 March 10, 1958 _cthe Royal Ontario Museum. |
| 260 |
_aToronto _bThe Museum _c1958 |
||
| 300 |
_a62 p. _bil. _c26 cm. |
||
| 500 | _aAA80 | ||
| 650 | 1 | 4 |
_aPlatería inglesa _97768 |
| 650 | 1 | 4 |
_aGalerías y museos _zCanadá _97769 |
| 650 | 1 | 4 |
_aPlatería _vExposiciones _xHistoria _97770 |
| 710 | 2 |
_aRoyal Ontario Museum (Toronto) _97771 |
|
| 902 | _aGFM | ||
| 942 |
_2lcc _cB |
||
| 999 |
_c2501 _d2501 |
||